| 000 | 00368nam a2200145Ia 4500 | ||
|---|---|---|---|
| 008 | 230312s9999||||xx |||||||||||||| ||und|| | ||
| 082 |
_a658.4012 _bDAV-S |
||
| 100 | _aDavid,Fred R. | ||
| 245 | 0 | _aStrategic Management | |
| 260 |
_bPrentice Hall _aNew Delhi |
||
| 300 | _a525 | ||
| 546 | _aEng. | ||
| 650 |
_aManagement _vIntroduction , Strategy Formulation |
||
| 942 | _cBK | ||
| 999 |
_c632 _d632 |
||